00000000cam 2200000zi 4500
0019.959642
003CaOODSP
00520260209100247
006m     o  d f      
007cr |n|||||||||
008260206e198908  once    ob   f000 0 fre d
040 |aCaOODSP|bfre|erda|cCaOODSP
041 |afre|beng|bfre
043 |an-cn---
0861 |aEn49-9/1-3F-PDF
24500|aCode de recommandations techniques pour la protection de l'environnement applicable aux centrales thermiques : |bphase de la construction.
264 1|a[Ottawa] : |bEnvironnement Canada, Service de la protection de l'environnement, Direction des programmes industriels, |caoût 1989.
300 |a1 ressource en ligne (viii, 67 pages) : |bplans.
336 |atexte|btxt|2rdacontent/fre
337 |ainformatique|bc|2rdamedia/fre
338 |aressource en ligne|bcr|2rdacarrier/fre
4901 |aSérie de la protection de l'environnement ; |vRapport SPE 1/PG/3
500 |aÉdition numérisée de l’imprimé [par Environnement et changement climatique Canada].
500 |aPublié aussi en anglais sous le titre : Environmental codes of practice for steam electric power generation : construction phase.
504 |aComprend des références bibliographiques (pages 62-64).
520 |a« Le Code de recommandations techniques pour la protection de l'environnement applicable aux centrales à vapeur - étape de la construction, fait partie d'une série de documents élaborés pour l'industrie des centrales à vapeurs aux termes de la Loi canadienne sur la protection de l'environnement. Cette industrie comprend les centrales alimentées aux combustibles fossiles (chaudières au gaz, au mazout et au charbon) et les centrales nucléaires (réacteurs à eau lourde CANDU). Ce document traite des problèmes d'environnement liés à la construction de centrales » -- Résumé.
546 |aRésumés en français et en anglais.
650 6|aCentrales thermiques|xAspect de l'environnement|zCanada.
650 6|aCentrales électriques|xAspect de l'environnement|zCanada.
7101 |aCanada.|bDirection générale de la protection de l'environnement.|bDirection des programmes industriels, |eorganisme de publication.
77508|tEnvironmental codes of practice for steam electric power generation : |w(CaOODSP)9.911068
830#0|aSérie de la protection de l'environnement ;|vRapport SPE 1/PG/3.|w(CaOODSP)9.854306
85640|qPDF|s3.57 Mo|uhttps://publications.gc.ca/collections/collection_2026/eccc/En49-9-1-3-fra.pdf